000 00624nam a2200205Ia 4500
003 OSt
005 20241107145038.0
008 210210b2000 xxu||||| |||| 00| 0 eng d
040 _cAL
041 _aKannada
082 _a305.56K MOGD
100 _aMOGALLI GANESH.
_9128710
_dಮೊಗಳ್ಳಿ ಗಣೇಶ್
245 _aDalitaru mattu jagatikarana.
_bದಲಿತರು ಮತ್ತು ಜಾಗತೀಕರಣ
260 _aHampi
_bKannada Vishvavidyalaya
_c2000
300 _axiv,270
650 _aDalitaru Jagatikarana
_9128711
690 _aSocial Structure
_9128712
906 _a056179
942 _2ddc
_cBK
999 _c103736
_d103736